00332nam a2200133Ia 4500008004100000020001500041041001200056100001600068245004500084250000800129260004500137300000800182650000800190221030s9999 xx 000 0 und d a0195158334 aEnglish aB. P. Lathi 0aLinear Systems & Signalscby B. P. Lathi a2nd bOxford University PressaNew Delhic2005 a975 aECE